000 00308nam a2200145Ia 4500
100 _aKukde/S.P
650 _aElectrical Engineering
942 _cBK
654 _aElectrical
245 _aElectrical Engineering
260 _bSundar Dass
_aBombay
082 _a621.3
300 _a670
546 _aENGLISH
999 _c18233
_d18233